Central Library OPAC University of Rajshahi

The heritage of Greece and Rome / (Record no. 27779)

MARC details
000 -LEADER
fixed length control field 00680nam a22002177a 4500
001 - CONTROL NUMBER
control field 27779
003 - CONTROL NUMBER IDENTIFIER
rucl marc code BD-RjUL
005 - DATE AND TIME OF LATEST TRANSACTION
control field 20211209051212.0
008 - FIXED-LENGTH DATA ELEMENTS--GENERAL INFORMATION
fixed length control field 140327r19521941uk ||||| |||| 001 0 eng d
035 ## - SYSTEM CONTROL NUMBER
System control number (BD-RjUL)27858
040 ## - CATALOGING SOURCE
Original cataloging agency BD-RjUL
Language of cataloging eng
Transcribing agency BD-RjUL
041 ## - LANGUAGE CODE
Language code of text/sound track or separate title eng
082 ## - DEWEY DECIMAL CLASSIFICATION NUMBER
Classification number 930
Author mark and year WEH 1952
100 ## - MAIN ENTRY--PERSONAL NAME
Personal name Wedgwood , Annie
9 (RLIN) 85280
245 ## - TITLE STATEMENT
Title The heritage of Greece and Rome /
260 ## - PUBLICATION, DISTRIBUTION, ETC. (IMPRINT)
Place of publication, distribution, etc. London [u.a.] :
Name of publisher, distributor, etc. Longmans, Green & Co. ;
Date of publication, distribution, etc. 1941[Reprinted 1952]
300 ## - PHYSICAL DESCRIPTION
Pagination 164 p. :
Illustrations ill. ;
Size 18 cm.
490 ## - SERIES STATEMENT
Series statement Discovering history, / general ed.: C. S. S. Higham ; Book 2
700 ## - ADDED ENTRY--PERSONAL NAME
Personal name Higham, c. s. s.
Fuller form of name Charles Strachan Sanders Higham
942 ## - ADDED ENTRY ELEMENTS (KOHA)
Source of classification or shelving scheme Dewey Decimal Classification
Koha item type Books
Holdings
Lost status Source of classification or shelving scheme Damaged status Not for loan Collection code Permanent Location Current Location Shelving location Date acquired Source of acquisition Cost, normal purchase price Total Checkouts Full call number Date last seen Copy number Koha item type
  Dewey Decimal Classification   Added to bundle Non-fiction Central Library, University of Rajshahi Central Library, University of Rajshahi Reading Room 08/01/1956 shqwkat osman dhaka 4.00   930 WEH 1952 27/03/2014 C-2 Books